[Event "ITA-chT GpB 55th"]
[Site "Vasto"]
[Date "2024.04.10"]
[Round "4.13"]
[White "Socko, Bartosz"]
[Black "Glek, Igor Vladimirovich"]
[Result "1/2-1/2"]
[WhiteElo "2565"]
[BlackElo "2409"]
[PlyCount "167"]
[EventDate "2024.04.08"]
[EventType "team-tourn"]
[EventRounds "7"]
[EventCountry "ITA"]
[SourceTitle "CB16_2024"]
[SourceDate "2024.04.17"]
[SourceVersion "1"]
[SourceVersionDate "2024.04.17"]
[SourceQuality "1"]
[WhiteTeam "Chieti"]
[BlackTeam "Mimosa Elite"]
[WhiteTeamCountry "ITA"]
[BlackTeamCountry "ITA"]

1. d4 e6 2. c4 f5 3. Nc3 Bb4 4. g3 Nf6 5. Bg2 0-0 6. Nf3 d6 7. Qb3 Nc6 8. 0-0 Bxc3 9. Qxc3 Ne4 10. Qd3 Qf6 11. b3 e5 12. Bb2 exd4 13. Nxd4 Nxd4 14. Bxd4 Qe7 15. Rae1 Bd7 16. f3 Ng5 17. h4 Ne6 18. f4 Bc6 19. Bxc6 bxc6 20. e4 Nxd4 21. Qxd4 c5 22. exf5 Qf7 23. Qc3 h5 24. Re6 Qxf5 25. Rfe1 Rf7 26. Kg2 Raf8 27. Qf3 a5 28. R6e4 Rf6 29. Rd1 Qg6 30. Rde1 Qf5 31. R1e2 Kh7 32. Kf2 Kg8 33. Re7 R6f7 34. R7e3 Rf6 35. Rd2 Qg6 36. Rd5 Rf5 37. Re7 R8f7 38. Re8+ Kh7 39. Rxf5 Qxf5 40. Qa8 Qc2+ 41. Re2 Qf5 42. Kg2 Qd3 43. Re8 Qc2+ 44. Kh3 Qf5+ 45. Kh2 a4 46. Qf3 axb3 47. axb3 Qc2+ 48. Re2 Qf5 49. Kg2 Rf6 50. Rd2 g6 51. Qc6 Rf7 52. Qe8 Kg7 53. Qe3 Qf6 54. Re2 Qa1 55. Qd3 Qf6 56. Qe4 Qf5 57. Qf3 Qf6 58. Qe3 Qa1 59. Qd2 Qf6 60. Qe1 Qf5 61. Re4 Qf6 62. Qe2 Qc3 63. Re3 Qd4 64. Re6 Rf6 65. Re8 Rf7 66. Kh2 Qc3 67. Re3 Qd4 68. Re6 Rf6 69. Re4 Qc3 70. Re7+ Rf7 71. f5 Qf6 72. Rxf7+ Kxf7 73. fxg6+ Kxg6 74. Qe8+ Kh6 75. Qe3+ Kg6 76. Kg2 Qf5 77. Qe8+ Kh6 78. Qe2 Kg6 79. Kh2 Kf6 80. Kg2 Kg6 81. Qe8+ Kh6 82. Qh8+ Kg6 83. Qe8+ Kh6 84. Qh8+ 1/2-1/2

[Event "Rilton Cup 51st"]
[Site "Stockholm"]
[Date "2023.12.30"]
[Round "4"]
[White "Socko, Bartosz"]
[Black "Kenneskog, Theodor"]
[Result "1-0"]
[WhiteElo "2550"]
[BlackElo "2364"]
[PlyCount "147"]
[EventDate "2023.12.27"]
[EventType "swiss"]
[EventRounds "9"]
[EventCountry "SWE"]
[SourceTitle "CB02_2024"]
[SourceDate "2024.01.10"]
[SourceVersion "1"]
[SourceVersionDate "2024.01.10"]
[SourceQuality "1"]

1. d4 Nf6 2. Nf3 d5 3. c4 e6 4. g3 dxc4 5. Bg2 c5 6. 0-0 Nc6 7. Qa4 Bd7 8. Qxc4 b5 9. Qc3 b4 10. Qd3 Rc8 11. Nbd2 Nxd4 12. Nxd4 cxd4 13. Nb3 Qb6 14. Bf4 Be7 15. Qxd4 Qxd4 16. Nxd4 0-0 17. Rac1 Nd5 18. Be5 Rc5 19. Rxc5 Bxc5 20. Nb3 Be7 21. Bxd5 exd5 22. Rd1 Be6 23. Bd4 Rc8 24. Bxa7 Ra8 25. Bc5 Bxc5 26. Nxc5 Rxa2 27. Rd2 Kf8 28. Kg2 Ke7 29. Nd3 Ra4 30. b3 Ra3 31. Rb2 d4 32. Nxb4 Rxb3 33. Rxb3 Bxb3 34. Nc6+ Kd6 35. Nxd4 Bd5+ 36. f3 Ke5 37. Nc2 f5 38. Nb4 Bc4 39. e3 Bb5 40. Kf2 g5 41. f4+ gxf4 42. exf4+ Kd4 43. Nc2+ Ke4 44. Ne1 h6 45. Nf3 Bc6 46. Ne5 Be8 47. Nc4 Kd5 48. Nd2 Kd4 49. Nf3+ Kd3 50. Ne5+ Ke4 51. Kg2 Kd5 52. Kh3 Ke4 53. Kh4 Ke3 54. Nc4+ Kf3 55. Nd6 Bg6 56. Nc8 Ke4 57. Ne7 Bf7 58. Nc6 Be8 59. Ne5 Ke3 60. Nc4+ Kf3 61. Kh3 Bh5 62. Nb6 Bf7 63. Nc8 Ke3 64. Nd6 Bg6 65. Kg2 Kd4 66. g4 fxg4 67. f5 Bh5 68. f6 Kd5 69. f7 Bxf7 70. Nxf7 h5 71. Nh8 Ke4 72. Ng6 Ke3 73. Kg3 Ke4 74. Nf4 1-0

[Event "Warsaw Szansa blitz op"]
[Site "Warsaw"]
[Date "2023.09.16"]
[Round "10"]
[White "Gumularz, Szymon"]
[Black "Socko, Bartosz"]
[Result "0-1"]
[WhiteElo "2587"]
[BlackElo "2538"]
[PlyCount "61"]
[EventDate "2023.09.16"]
[EventType "swiss (blitz)"]
[EventRounds "13"]
[EventCountry "POL"]
[SourceTitle "EXT 2024"]
[Source "ChessBase"]
[SourceDate "2023.10.10"]
[SourceVersion "1"]
[SourceVersionDate "2023.10.10"]
[SourceQuality "1"]

1. c4 Nf6 2. Nf3 e6 3. g3 d5 4. Bg2 dxc4 5. Qa4+ Nbd7 6. Qxc4 a6 7. Qc2 c5 8. Nc3 Be7 9. 0-0 0-0 10. d4 cxd4 11. Nxd4 Qc7 12. Rd1 Rd8 13. Bf4 e5 14. Nf5 Bf8 15. Bg5 h6 16. Be3 Nc5 17. Rxd8 Qxd8 18. Rd1 Qc7 19. Nd5 Nxd5 20. Bxd5 Be6 21. Bxe6 Nxe6 22. Qxc7 Nxc7 23. Rd7 Rc8 24. Bb6 Ne6 25. Rxb7 Rc2 26. Be3 Rxe2 27. Rb8 Kh7 28. Kf1 Rc2 29. a4 g6 30. Nh4 Bc5 31. Bxc5 0-1

[Event "Warsaw Szansa blitz op"]
[Site "Warsaw"]
[Date "2023.09.16"]
[Round "8"]
[White "Nasuta, Grzegorz"]
[Black "Socko, Bartosz"]
[Result "0-1"]
[WhiteElo "2579"]
[BlackElo "2538"]
[PlyCount "62"]
[EventDate "2023.09.16"]
[EventType "swiss (blitz)"]
[EventRounds "13"]
[EventCountry "POL"]
[SourceTitle "EXT 2024"]
[Source "ChessBase"]
[SourceDate "2023.10.10"]
[SourceVersion "1"]
[SourceVersionDate "2023.10.10"]
[SourceQuality "1"]

1. e4 c6 2. d4 d5 3. e5 c5 4. dxc5 e6 5. a3 Bxc5 6. Nf3 Ne7 7. b4 Bb6 8. Bb2 0-0 9. Bd3 Ng6 10. h4 h6 11. h5 Ne7 12. Nbd2 a5 13. 0-0 axb4 14. axb4 Rxa1 15. Qxa1 Nbc6 16. Qa3 Bd7 17. c4 dxc4 18. Nxc4 Nd5 19. Bb1 Ncxb4 20. Nxb6 Qxb6 21. Qb3 Rc8 22. Bd4 Qa6 23. Qb2 Bb5 24. Rc1 Rxc1+ 25. Qxc1 Qc6 26. Qa3 Ba6 27. Be4 Qc4 28. Qa5 Qc1+ 29. Kh2 Qf4+ 30. Kg1 Qxe4 31. Qd8+ Kh7 0-1

[Event "Warsaw Szansa blitz op"]
[Site "Warsaw"]
[Date "2023.09.16"]
[Round "3"]
[White "Socko, Bartosz"]
[Black "Kiolbasa, Oliwia"]
[Result "1-0"]
[WhiteElo "2538"]
[BlackElo "2387"]
[PlyCount "204"]
[EventDate "2023.09.16"]
[EventType "swiss (blitz)"]
[EventRounds "13"]
[EventCountry "POL"]
[SourceTitle "EXT 2024"]
[Source "ChessBase"]
[SourceDate "2023.10.10"]
[SourceVersion "1"]
[SourceVersionDate "2023.10.10"]
[SourceQuality "1"]

1. g3 d5 2. Bg2 Nf6 3. Nf3 e6 4. 0-0 Be7 5. d4 0-0 6. c4 dxc4 7. Ne5 Nc6 8. Bxc6 bxc6 9. Nxc6 Qe8 10. Nxe7+ Qxe7 11. Qc2 c5 12. b3 Rd8 13. dxc5 Qxc5 14. Qxc4 Qxc4 15. bxc4 Ba6 16. Na3 Rac8 17. Be3 Bxc4 18. Nxc4 Rxc4 19. Bxa7 Ra4 20. Be3 Nd5 21. Bd2 Nf6 22. Rfc1 h6 23. Rc2 Ne4 24. Be1 Rda8 25. f3 Nd6 26. Kf2 Nb5 27. Rb2 Nd6 28. Rd1 Nc4 29. Rc2 Ne5 30. Bc3 Nc4 31. Ba1 Rxa2 32. Rxc4 Rxa1 33. Rd7 R1a7 34. Rdd4 Rb8 35. h4 h5 36. g4 hxg4 37. Rxg4 Kh7 38. Rc5 g6 39. h5 Rab7 40. hxg6+ fxg6 41. Rcg5 Rg8 42. Rg1 Rb2 43. R1g3 Rb3 44. R3g4 Rb2 45. Re5 Rb6 46. Rge4 Re8 47. Ra5 Re7 48. Rg5 Kg7 49. Reg4 e5 50. Re4 Rbe6 51. Rg1 Rb6 52. Rc1 Kf6 53. Rc8 Rbb7 54. Rf8+ Rf7 55. Rc8 Rfe7 56. Rc6+ Re6 57. Rc5 Rb2 58. Rc8 Rb7 59. Rg4 Rd7 60. Rh8 Ra7 61. Rh6 Rg7 62. Kg3 Ra6 63. Rh8 Ra2 64. Re4 Ra6 65. Re8 Re6 66. Rxe6+ Kxe6 67. f4 Kf6 68. Rxe5 Ra7 69. e3 Ra3 70. Kf3 Ra4 71. Rc5 Rb4 72. Rc6+ Kf7 73. Kg4 Rb1 74. Ra6 Rg1+ 75. Kf3 Rb1 76. Ra5 Kf6 77. Ra6+ Kf7 78. Ra4 Kf6 79. Ke4 Rb5 80. Ra6+ Kf7 81. Rd6 Ra5 82. Rd5 Ra3 83. Rd3 Ra5 84. Kf3 Kf6 85. Kg4 Ra1 86. Rd6+ Kf7 87. Rb6 Rg1+ 88. Kf3 Ra1 89. Rc6 Ra4 90. e4 Ra3+ 91. Kg4 Ra1 92. Rc7+ Ke6 93. Rc6+ Kf7 94. Rc3 Rg1+ 95. Rg3 Re1 96. e5 Ra1 97. Kg5 Kg7 98. Rg2 Ra3 99. Rc2 Rg3+ 100. Kh4 Rg1 101. Rc7+ Kh6 102. e6 Re1 1-0

[Event "Warsaw Szansa blitz op"]
[Site "Warsaw"]
[Date "2023.09.16"]
[Round "1"]
[White "Socko, Bartosz"]
[Black "Wierzbicki, Michal"]
[Result "1-0"]
[WhiteElo "2538"]
[BlackElo "1919"]
[PlyCount "89"]
[EventDate "2023.09.16"]
[EventType "swiss (blitz)"]
[EventRounds "13"]
[EventCountry "POL"]
[SourceTitle "EXT 2024"]
[Source "ChessBase"]
[SourceDate "2023.10.10"]
[SourceVersion "1"]
[SourceVersionDate "2023.10.10"]
[SourceQuality "1"]

1. g3 d5 2. Bg2 Nf6 3. Nf3 h6 4. 0-0 Bf5 5. c4 e6 6. d4 Nbd7 7. Qb3 Rb8 8. Bf4 g5 9. Be5 Nxe5 10. Nxe5 c6 11. Nc3 Nd7 12. Rad1 Nxe5 13. dxe5 Qb6 14. e4 Qxb3 15. axb3 dxe4 16. Bxe4 Bb4 17. Bxf5 exf5 18. Ne2 c5 19. Rd5 Ke7 20. f4 g4 21. Nc1 Rhd8 22. Nd3 Rxd5 23. cxd5 a5 24. Kf2 Rd8 25. d6+ Ke6 26. Nxb4 axb4 27. Ra1 f6 28. Re1 b6 29. Re3 fxe5 30. fxe5 Rf8 31. Ke2 f4 32. gxf4 Rxf4 33. Rd3 Rf7 34. Ke3 Rf3+ 35. Ke4 Rf7 36. h3 h5 37. hxg4 hxg4 38. Rd1 b5 39. Rh1 Rg7 40. Rh6+ Kd7 41. Kd5 g3 42. e6+ Kc8 43. Rh8+ Kb7 44. d7 g2 45. d8Q 1-0

[Event "Katowice POL-HUN 10th"]
[Site "Katowice"]
[Date "2023.09.10"]
[Round "8"]
[White "Socko, Bartosz"]
[Black "Psyk, Radoslaw"]
[Result "0-1"]
[WhiteElo "2538"]
[BlackElo "2460"]
[PlyCount "74"]
[EventDate "2023.09.09"]
[EventType "swiss (rapid)"]
[EventRounds "9"]
[EventCountry "POL"]
[SourceTitle "EXT 2024"]
[Source "ChessBase"]
[SourceDate "2023.10.10"]
[SourceVersion "1"]
[SourceVersionDate "2023.10.10"]
[SourceQuality "1"]

1. d4 e6 2. c4 Nf6 3. Nf3 d5 4. g3 Bb4+ 5. Nbd2 dxc4 6. Bg2 b5 7. a4 c6 8. 0-0 a5 9. b3 cxb3 10. Nxb3 bxa4 11. Rxa4 Ba6 12. Qc2 Bb5 13. Ra1 0-0 14. Ba3 Nbd7 15. Rfb1 Qe7 16. Nc5 Bxa3 17. Rxa3 a4 18. Raa1 Nxc5 19. dxc5 e5 20. e3 e4 21. Ne1 Rfd8 22. Rb4 Rd5 23. Rc1 Re8 24. Bf1 Bxf1 25. Kxf1 Qe6 26. Kg2 Rh5 27. h4 g5 28. Qc4 Qf5 29. Rb7 Ng4 30. Qe2 gxh4 31. f3 hxg3 32. fxg4 Rh2+ 33. Kg1 Qf2+ 34. Qxf2 gxf2+ 35. Kf1 Rd8 36. Ke2 fxe1Q+ 37. Kxe1 Rh1+ 0-1

[Event "Katowice POL-HUN 10th"]
[Site "Katowice"]
[Date "2023.09.09"]
[Round "4"]
[White "Stepinski, Piotr"]
[Black "Socko, Bartosz"]
[Result "0-1"]
[WhiteElo "1991"]
[BlackElo "2538"]
[PlyCount "176"]
[EventDate "2023.09.09"]
[EventType "swiss (rapid)"]
[EventRounds "9"]
[EventCountry "POL"]
[SourceTitle "EXT 2024"]
[Source "ChessBase"]
[SourceDate "2023.10.10"]
[SourceVersion "1"]
[SourceVersionDate "2023.10.10"]
[SourceQuality "1"]

1. e4 e6 2. d4 d5 3. Nd2 Be7 4. Bd3 c5 5. exd5 Qxd5 6. Ngf3 cxd4 7. 0-0 Nc6 8. Be4 Qd6 9. Nb3 e5 10. Re1 Bg4 11. h3 Bxf3 12. Qxf3 Rd8 13. Qg3 Bf6 14. f4 Kf8 15. Bxc6 exf4 16. Bxf4 Qxc6 17. Nd2 Ne7 18. Ne4 Ng6 19. Nxf6 Qxf6 20. Bg5 Qd6 21. Qb3 f6 22. Bd2 Qd5 23. Bb4+ Kf7 24. Qg3 Rhe8 25. Rxe8 Rxe8 26. Rd1 Qc4 27. c3 Re4 28. Qb8 Qc6 29. Rxd4 Nf4 30. Qxf4 Rxf4 31. Rxf4 Qe6 32. b3 Qe3+ 33. Rf2 g5 34. c4 Kg6 35. Bd2 Qd4 36. Be1 h5 37. Kf1 Qd3+ 38. Re2 f5 39. Kf2 Qd4+ 40. Kf1 f4 41. Rd2 Qe5 42. Rd5 Qe4 43. Rd6+ Kf7 44. Rd5 g4 45. hxg4 hxg4 46. Rd7+ Ke6 47. Rd2 Qb1 48. Ke2 Kf5 49. Bf2 a6 50. Rd5+ Ke6 51. Rd2 g3 52. Bc5 Kf5 53. Ba7 Kg4 54. Bb6 Qg6 55. Ba7 Qe4+ 56. Kf1 Qb1+ 57. Ke2 b5 58. cxb5 axb5 59. Bc5 Qe4+ 60. Kf1 Qh7 61. Ke2 Qb1 62. Bb6 Qe4+ 63. Kf1 Qb4 64. Ke2 Qe7+ 65. Kd1 Qe4 66. Bc5 b4 67. Bb6 Qg6 68. Bc5 Qf5 69. Bb6 Qb5 70. Ba7 Qf1+ 71. Kc2 Qa6 72. Bd4 Qxa2+ 73. Bb2 Qa8 74. Bd4 Qe4+ 75. Kb2 Qe1 76. Kc2 Qe7 77. Kb2 Qc7 78. Rc2 Qb7 79. Rd2 Qe4 80. Bc5 Kf5 81. Bb6 Qc6 82. Bd4 Ke4 83. Bg7 Ke3 84. Rc2 Qxc2+ 85. Kxc2 f3 86. gxf3 g2 87. Bf8 Kd4 88. Bg7+ Kd5 0-1

[Event "Abu Dhabi op 29th"]
[Site "Abu Dhabi"]
[Date "2023.08.18"]
[Round "3"]
[White "Xiang, Zeyu"]
[Black "Socko, Bartosz"]
[Result "1/2-1/2"]
[WhiteElo "2391"]
[BlackElo "2551"]
[PlyCount "68"]
[EventDate "2023.08.16"]
[EventType "swiss"]
[EventRounds "9"]
[EventCountry "UAE"]
[SourceTitle "EXT 2024"]
[Source "ChessBase"]
[SourceDate "2023.10.10"]
[SourceVersion "1"]
[SourceVersionDate "2023.10.10"]
[SourceQuality "1"]

1. d4 Nf6 2. c4 e6 3. Nf3 d5 4. Nc3 Be7 5. Bf4 0-0 6. e3 b6 7. Bd3 dxc4 8. Bxc4 Ba6 9. Qe2 Bxc4 10. Qxc4 c5 11. 0-0 Qc8 12. Nb5 Nd5 13. dxc5 Nxf4 14. exf4 Bxc5 15. Rac1 Nd7 16. Rfd1 Nf6 17. b4 a6 18. bxc5 axb5 19. Qxb5 bxc5 20. Rxc5 Qa6 21. Qxa6 Rxa6 22. Rc2 g6 23. g3 Rfa8 24. Rdd2 Nd5 25. Ne5 Kg7 26. Kg2 R8a7 27. Rb2 h5 28. Rdc2 Kf6 29. Rb8 g5 30. Nc6 Rc7 31. fxg5+ Kxg5 32. Nd4 Rxc2 33. Nxc2 Rxa2 34. Nb4 Nxb4 1/2-1/2

[Event "Abu Dhabi op 29th"]
[Site "Abu Dhabi"]
[Date "2023.08.17"]
[Round "2"]
[White "Socko, Bartosz"]
[Black "Tarhan, Adar"]
[Result "1-0"]
[WhiteElo "2551"]
[BlackElo "2388"]
[PlyCount "131"]
[EventDate "2023.08.16"]
[EventType "swiss"]
[EventRounds "9"]
[EventCountry "UAE"]
[SourceTitle "EXT 2024"]
[Source "ChessBase"]
[SourceDate "2023.10.10"]
[SourceVersion "1"]
[SourceVersionDate "2023.10.10"]
[SourceQuality "1"]

1. e4 e5 2. Nf3 Nc6 3. Bb5 Nf6 4. 0-0 Nxe4 5. d4 Nd6 6. Bxc6 dxc6 7. dxe5 Nf5 8. Qxd8+ Kxd8 9. h3 Bd7 10. Nc3 b6 11. Rd1 Kc8 12. b3 h6 13. Bb2 Be6 14. Ne2 Bd5 15. Nh2 g5 16. e6 Rh7 17. exf7 Rxf7 18. Ng4 Kb7 19. Nc3 Bg7 20. Rab1 h5 21. Nxd5 hxg4 22. hxg4 cxd5 23. gxf5 Bxb2 24. Rxb2 Rxf5 25. c3 g4 26. Kh2 g3+ 27. fxg3 Rh8+ 28. Kg1 Re8 29. Rbd2 Kc6 30. Rf2 Rfe5 31. g4 Rg8 32. Rf6+ Kb7 33. Rd4 Re1+ 34. Rf1 Re2 35. Rf2 Re3 36. Rf3 Re2 37. a4 c5 38. Rf7+ Ka6 39. b4 cxb4 40. cxb4 Ra8 41. g5 Ra2 42. g6 Ra1+ 43. Rf1 Rxa4 44. g7 Rg8 45. Rg4 Kb5 46. Rf8 Ra1+ 47. Kf2 Rxg7 48. Rxg7 Kxb4 49. Ra8 a5 50. Rb7 Ra2+ 51. Kf3 Ra3+ 52. Kf4 Ra4 53. Ke5 Ra2 54. Rxb6+ Kc5 55. Rba6 Re2+ 56. Kf4 Rxg2 57. Rxa5+ Kc4 58. Rc8+ Kd4 59. Ra4+ Kd3 60. Rd8 Rf2+ 61. Ke5 Re2+ 62. Kxd5 Kc3 63. Rc4+ Kb3 64. Rb8+ Ka3 65. Rc7 Rd2+ 66. Ke4 1-0

[Event "Sharjah Masters 6th"]
[Site "Sharjah"]
[Date "2023.05.25"]
[Round "9"]
[White "Socko, Bartosz"]
[Black "Petkov, Momchil"]
[Result "1/2-1/2"]
[WhiteElo "2591"]
[BlackElo "2522"]
[PlyCount "104"]
[EventDate "2023.05.17"]
[EventType "swiss"]
[EventRounds "9"]
[EventCountry "UAE"]
[SourceTitle "CBM 215"]
[Source "ChessBase"]
[SourceDate "2023.08.31"]
[SourceVersion "1"]
[SourceVersionDate "2023.08.31"]
[SourceQuality "1"]

1. e4 c5 2. Nf3 Nc6 3. Bb5 e6 4. Bxc6 bxc6 5. d3 Ne7 6. h4 d6 7. h5 e5 8. h6 Bg4 9. hxg7 Bxg7 10. Bh6 Bxh6 11. Rxh6 Ng6 12. Nbd2 d5 13. Qc1 Qe7 14. g3 c4 15. dxc4 Bxf3 16. Nxf3 dxe4 17. Nh4 0-0-0 18. a3 Qc5 19. Qe3 Qxe3+ 20. fxe3 Nxh4 21. Rxh4 Rhg8 22. Rd1 Rxd1+ 23. Kxd1 Rxg3 24. Rxe4 f6 25. Ke2 h5 26. Rh4 Rg5 27. c5 f5 28. Kd3 f4 29. exf4 exf4 30. b4 Rg3+ 31. Kd4 Rxa3 32. Rxf4 a5 33. Ke5 Rg3 34. Rf6 Kd7 35. Rf7+ Ke8 36. Rh7 axb4 37. Kd6 Rg6+ 38. Kc7 Rg2 39. Kxc6 Rxc2 40. Rb7 b3 41. Rxb3 Kf7 42. Kb6 Kg6 43. c6 h4 44. c7 Rxc7 45. Kxc7 Kg5 46. Kd6 Kg4 47. Ke5 h3 48. Rb1 h2 49. Ke4 Kg3 50. Ke3 Kg2 51. Rb2+ Kg1 52. Rxh2 Kxh2 1/2-1/2